00193nam a2200085Ia 4500008004100000082000800041082000800049245004100057300000900098231017s9999 xx 000 0 und d a624 bGEO 0aGeotechnical Series: Expansive Soils c30cm